Разработка высокочувствительных методов контроля загрязнений окружающей среды с применением полярографии с накоплением и других физико-химических методов: заключительный отчет о НИР; тема: 2.11

Dades bibliogràfiques
Autor corporatiu: Томский политехнический институт (595)
Altres autors: Каплин А. А. Анатолий Александрович (исполнитель), Стромберг А. Г. Армин Генрихович (руководитель)
Sumari:Методом полярографии с накоплением разработаны методики определения на уровне 0,01-0,001 мг/л As, Hg, Pb, Cd и Cu в сточных водах арсенидгаллиевого производства; As в сточных очищенных водах медной промышленности: Pb, Zn, Cd и Cu в водопроводной и речной воде г. Томска. На основании проведенных исследований разраратывается многоэлементная методика анализа природных вод на содержание 10-8 - 10-6 % марганца, цинка, кадмия, олова, свинца, меди, висмута, ртути и золота из одной навески
Idioma:rus
Publicat: Томск, 1981
Matèries:
Format: MixedMaterials Llibre
KOHA link:https://koha.lib.tpu.ru/cgi-bin/koha/opac-detail.pl?biblionumber=158767

MARC

LEADER 00000nbm0a2200000 4500
001 158767
005 20240312162217.0
029 0 0 |a SU  |b 74038666  |f ТПУ 
035 |a (RuTPU)RU\TPU\book\172192 
035 |a RU\TPU\book\169626 
090 |a 158767 
100 |a 20090428d1981 k y0rusy50 ca 
101 0 |a rus 
102 |a RU 
105 |a a p 001zy 
200 1 |a Разработка высокочувствительных методов контроля загрязнений окружающей среды с применением полярографии с накоплением и других физико-химических методов  |e заключительный отчет о НИР  |e тема: 2.11  |f Томский политехнический институт (ТПИ) ; руководитель А. Г. Стромберг ; А. А. Каплин 
210 |a Томск  |d 1981 
215 |a 24 л. 
320 |a Библиогр.: с. 23-24 
330 |a Методом полярографии с накоплением разработаны методики определения на уровне 0,01-0,001 мг/л As, Hg, Pb, Cd и Cu в сточных водах арсенидгаллиевого производства; As в сточных очищенных водах медной промышленности: Pb, Zn, Cd и Cu в водопроводной и речной воде г. Томска. На основании проведенных исследований разраратывается многоэлементная методика анализа природных вод на содержание 10-8 - 10-6 % марганца, цинка, кадмия, олова, свинца, меди, висмута, ртути и золота из одной навески 
606 1 |a Полярографический анализ  |2 stltpush  |3 (RuTPU)RU\TPU\subj\50820  |9 69454 
610 1 |a отчеты о НИР 
610 1 |a инверсионная вольтамперометрия 
610 1 |a галлий 
610 1 |a сточные воды 
610 1 |a полярография 
610 1 |a чувствительность 
610 1 |a мышьяк 
610 1 |a электроды 
610 1 |a труды учёных ТПУ 
675 |a 543.552(04)  |v 3 
702 1 |a Каплин  |b А. А.  |c российский химик  |c профессор кафедры аналитической химии Томского политехнического института  |f 1937-1989  |g Анатолий Александрович  |4 677  |9 7735 
702 1 |a Стромберг  |b А. Г.  |c химик, специалист в области классической полярографии и инверсионной вольтамперометрии  |c профессор Томского политехнического института  |f 1910-2004  |g Армин Генрихович  |3 (RuTPU)RU\TPU\pers\11188  |4 673  |9 2478 
712 0 2 |a Томский политехнический институт  |c (1944-1991)  |3 (RuTPU)RU\TPU\col\1123  |4 595  |9 23521 
801 1 |a RU  |b 63413507  |c 20090326  |g PSBO 
801 2 |a RU  |b 63413507  |c 20150203  |g PSBO 
942 |c BK